Normal view
MARC view
- ادارة المشتريات
Entry Topical Term
001 - CONTROL NUMBER
- control field: 7383
003 - CONTROL NUMBER IDENTIFIER
- control field: JO-AjAnu
005 - DATE AND TIME OF LATEST TRANSACTION
- control field: 20230606071508.0
008 - FIXED-LENGTH DATA ELEMENTS
- fixed length control field: 230606|| aca||aabn | a|a d
040 ## - CATALOGING SOURCE
- Original cataloging agency: JO-AjAnu
- Transcribing agency: JO-AjAnu
150 ## - HEADING--TOPICAL TERM
- Topical term or geographic name entry element: ادارة المشتريات
670 ## - SOURCE DATA FOUND
- Source citation: Work cat.: (JO-AjAnu)3819: حسوان،عبدالنافع/م.مشارك: مؤيد سعيد،رشاد انطون, author 7382, ادارة المشتريات